00674nam a2200229Ia 4500001000900000003000500009005001700014008004100031020001800072040000900090082001700099100002200116245008300138250001100221260004800232300001800280503001400298504002800312650002400340650001700364700006300381dia_1338CHAP20251021151856.0220601s9999 xx 000 0 und d a0-333-22014-5 cCHAP a576 S73 1977 aStanier, Roger Y. aGeneral microbiology / Roger Y. Stanier, Edward A. Adelberg y John L. Ingraham a4a ed. aEstados Unidos de América : Prentice Hall axviii, 871 p. aI. 125623 aIncluye bibliografías a1. Microbiología  aMicrobiology aAdelberg, Edward A., coaut. \ Ingraham, John L., coaut.Ì